<?xml version="1.0" encoding="UTF-8"?>
<collection xmlns="http://www.loc.gov/MARC21/slim">
 <record>
  <leader>00558pamaa2200157   4500</leader>
  <controlfield tag="001">0000039700</controlfield>
  <controlfield tag="005">20101015090000.0</controlfield>
  <datafield tag="020" ind1="0" ind2="0">
   <subfield code="a">0895770237 </subfield>
  </datafield>
  <datafield tag="082" ind1=" " ind2=" ">
   <subfield code="a">423.1 REA</subfield>
  </datafield>
  <datafield tag="090" ind1="0" ind2="0">
   <subfield code="a">PE1591 </subfield>
   <subfield code="b">REA 2001</subfield>
  </datafield>
  <datafield tag="245" ind1="1" ind2="0">
   <subfield code="a">READER'S Digest success with english : </subfield>
   <subfield code="b">a family gude to english words, their meanings synonyms and antonyms.</subfield>
  </datafield>
  <datafield tag="260" ind1="0" ind2="0">
   <subfield code="a">New York: </subfield>
   <subfield code="b">The Reader's Digest Association, </subfield>
   <subfield code="c">2001.</subfield>
  </datafield>
  <datafield tag="300" ind1=" " ind2=" ">
   <subfield code="a">896p.: </subfield>
   <subfield code="b">ill.; </subfield>
   <subfield code="c">26 cm.</subfield>
  </datafield>
  <datafield tag="440" ind1="0" ind2="0">
   <subfield code="a">Reader's Digest general books</subfield>
  </datafield>
  <datafield tag="650" ind1="0" ind2="0">
   <subfield code="a">English language -- </subfield>
   <subfield code="x">Synonyms and antonyms </subfield>
  </datafield>
  <datafield tag="710" ind1="1" ind2="1">
   <subfield code="a">The Reader's Digest Association </subfield>
  </datafield>
 </record>
</collection>
